Teresa de Los Andes: un camino de santidad
Zapisane w:
| Korporacja: | |
|---|---|
| Format: | Książka |
| Język: | hiszpański |
| Wydane: |
Santiago
Comité Permanente del Episcopado
1993
|
| Hasła przedmiotowe: | |
| Etykiety: |
Dodaj etykietę
Nie ma etykietki, Dołącz pierwszą etykiete!
|
MARC
| LEADER | 00000nam a2200000 a 4500 | ||
|---|---|---|---|
| 001 | UCV3234 | ||
| 003 | CL-VaPUC | ||
| 008 | 930505e19930000CL |||||||||||||||||spa|d | ||
| 082 | 0 | 4 | |a 248.8 |b CON |2 21 |
| 110 | 2 | |a Conferencia Episcopal de Chile |e author |9 297498 | |
| 245 | 1 | 0 | |a Teresa de Los Andes: un camino de santidad |
| 300 | |a 31 p | ||
| 942 | |c BK | ||
| 945 | |d 19930505 00:00:00 | ||
| 260 | |a Santiago |b Comité Permanente del Episcopado |c 1993 | ||
| 600 | 0 | 7 | |a TERESA DE JESUS DE LOS ANDES, SANTA |2 CL-VaPUC |9 258875 |
| 583 | |a last modification |c 19930505 00:00:00 |k Rodrigo Vera | ||
| 999 | |c 210527 |d 210525 | ||
| 952 | |0 0 |1 0 |2 ddc |4 0 |6 248_800000000000000_CON_1993 |7 0 |8 A |9 186872 |a BIBDER |b BIBDER |d 2019-11-14 |i 2544644 |o 248.8 CON 1993 |p 2544644 |r 2023-01-25 |w 2019-11-14 |y MX |k DER | ||